Survivor: Blood vs. Water Contestants (Final Placements) - Statistics

General Stats
  • This quiz has been taken 772 times
    629 since last reset
  • The average score is 14 of 20
Answer Stats
Hint Answer % Correct
20th Rupert Boneham (Pearl Islands & All Stars & Heroes vs. Villains)
92%
Winner Tyson Apostol (Tocantins & Heroes vs. Villains)
85%
Runner-Up Monica Culpepper (One World)
82%
2nd Runner-Up Gervase Peterson (Borneo)
80%
5th Ciera Eastin
79%
4th Tina Wesson (Australia, Winner & All Stars)
79%
6th Laura Morett (Samoa)
74%
15th Brad Culpepper
73%
11th Aras Baskauskas (Exile Island, Winner)
70%
7th Hayden Moss
70%
8th Katherine "Katie" Collins
70%
16th Candice Cody (Cook Islands & Heroes vs. Villains)
69%
18th Rachel Foulger
69%
19th Colton Cumbie (One World)
68%
10th Vytas Baskauskas
68%
12th Laura Boneham
67%
13th John Cody
65%
14th Kat Edorsson (One World)
64%
9th Caleb Bankston
63%
17th Marissa Peterson
61%
No matching quizzes found
Score Distribution
Percent of People with Each Score
Percentile by Number Answered
Your Score History
You have not taken this quiz since the last reset